| 000 | 00609nam a2200193Ia 4500 | ||
|---|---|---|---|
| 003 | IN-BaIIA | ||
| 008 | 211028s9999 xx 000 0 eng d | ||
| 020 | _a978-0-819-43698-6 | ||
| 040 | _cIIA Library | ||
| 080 |
_a621.317.31 _bJAN |
||
| 100 |
_aJanesick, James R. _924675 |
||
| 245 | 0 |
_aScientific charge-coupled devices _cJames R. Janesick |
|
| 260 |
_aWashington _bThe International Society for Optical Engineering _c2001 |
||
| 300 | _axvi, 906p. | ||
| 650 |
_aComet landscapes _933466 |
||
| 650 |
_aComets _9755 |
||
| 650 |
_aHalley comet _933467 |
||
| 942 | _cBK | ||
| 999 |
_c17666 _d17666 |
||